| Tag |
First Indicator |
Second Indicator |
Subfields |
| LEADER |
00000cam a2200000 a 4500 |
| 001 |
in00000083272 |
| 005 |
20151008061213.0 |
| 008 |
790321s1978 dcu b 00010 eng d |
| 035 |
|
|
|a (OCoLC)04763213
|
| 035 |
|
|
|9 AAJ7542AM
|
| 040 |
|
|
|a YUS
|c YUS
|d OCL
|d m.c.
|d TXA
|d UtOrBLW
|
| 049 |
|
|
|a TXAM
|c [1655512]
|
| 090 |
|
|
|a LB2332.3
|b .D6
|
| 100 |
1 |
|
|a Dolan, Eleanor F.
|q (Eleanor Frances),
|d 1907-
|
| 245 |
1 |
0 |
|a Half a life to live :
|b AAUW's college faculty program /
|c by Eleanor F. Dolan.
|
| 264 |
|
1 |
|a Washington, D.C. :
|b American Association of University Women, Educational Foundation,
|c 1978.
|
| 300 |
|
|
|a 90 pages ;
|c 23 cm.
|
| 336 |
|
|
|a text
|b txt
|2 rdacontent
|
| 337 |
|
|
|a unmediated
|b n
|2 rdamedia
|
| 338 |
|
|
|a volume
|b nc
|2 rdacarrier
|
| 504 |
|
|
|a Includes bibliographical references.
|
| 610 |
2 |
0 |
|a American Association of University Women.
|
| 650 |
|
0 |
|a Women college teachers.
|
| 999 |
|
|
|a MARS
|
| 999 |
f |
f |
|s 0f070884-8d04-3b90-93c9-d27929a7cdf3
|i 86363470-f500-3a9d-8b58-608c54b8b6c6
|t 0
|
| 952 |
f |
f |
|p normal
|a Texas A&M University
|b College Station
|c Sterling C. Evans Library
|d Evans: Library Stacks
|t 0
|e LB2332.3 .D6
|h Library of Congress classification
|i unmediated -- volume
|m A14806161534
|
| 998 |
f |
f |
|a LB2332.3 .D6
|t 0
|l Evans: Library Stacks
|